000 01301nam a2200421 a 4500
001 vtls000027460
003 NLI
005 20210601183019.0
008 101125s1981 enkaf 001 0 eng
020 _c£ 7.95
039 9 _y201011250226
_zVLOAD
040 0 _aNLI
_beng
_cVERGIS-2003
041 0 _aeng
044 _aenk
082 0 4 _a709.04
245 0 0 _aConcepts of modern art /
_cedited by Nikos Stangos
250 _aRev. and enl. ed.
260 _aLondon :
_bThames and Hudson,
_cc1981
300 _a384 p. :
_bill., plates ;
_c22 cm.
500 _aIncludes index
504 _aBibilography: p. 373-377
650 0 _aArt, Modern
_y20th century
650 0 _aModernism (Art)
650 0 _aExpressionism (Art)
650 0 _aSurrealism
_981279
650 0 _aArts, Modern
_y20th century
_981280
700 1 _aStangos, Nikos,
_4edt
_984002
887 _aSivan S.
901 _a472503
_b04/02/1982
902 _aE 709.04 St 24
903 _a20/03/2004
904 _aSivan S.
906 _a027621
949 _AVIRTUAITEM
_D10000
_F1
_X100
_6PUR000472503ENG
_aE 709.04 St24
942 _2ddc
_cBKS
999 _aVIRTUA00
_c31442
_d31442
999 _aVTLSSORT0080*0200*0400*0410*0440*0820*2450*2500*2600*3000*5000*5040*6500*6501*6502*6503*6504*7000*8520*9010*9020*9030*9040*9060*9490*9991